LEADER 01143nas 2200409 c 450 001 996207619103316 005 20180605073035.0 035 $a(CKB)1000000000526442 035 $a(OCoLC)644046753 035 $a(DE-101)975806149 035 $a(DE-599)ZDB2196962-0 035 $a(EXLCZ)991000000000526442 100 $a20050727a20019999 |y | 101 0 $ager 135 $aur||||||||||| 181 $ctxt$2rdacontent 182 $cc$2rdamedia 183 $acr$2rdacarrier 200 00$aManagement & Qualita?t$eMQ$fSchweizerische Arbeitsgemeinschaft fu?r Qualita?tsfo?rderung (SAQ) 210 31$aKirchberg$d2001- 215 $aOnline-Ressource 300 $aGesehen am 05.06.18 311 $a1422-6634 517 $aManagement und Qualität 517 $aManagement und Qualität 517 $aManagement & Qualität 517 3 $aManagement und Qualita?t 517 3 $aMQ 608 $aZeitschrift$2gnd-content 676 $a600 801 0$b8999 801 1$bDE-101 801 2$b9001 906 $aJOURNAL 912 $a996207619103316 996 $aManagement & Qualita?t$92218528 997 $aUNISA LEADER 02136nam 2200445 450 001 9910821826403321 005 20230809223544.0 010 $a1-119-37270-4 035 $a(CKB)3710000001140490 035 $a(MiAaPQ)EBC4835234 035 $a(Au-PeEL)EBL4835234 035 $a(CaPaEBR)ebr11369088 035 $a(OCoLC)982017703 035 $a(EXLCZ)993710000001140490 100 $a20170420h20172017 uy 0 101 0 $aeng 135 $aurcnu|||||||| 181 $2rdacontent 182 $2rdamedia 183 $2rdacarrier 200 10$aComptia linux+ and lpic practice tests $eCExams LX0-103/LPIC-1 101-400, LX0-104/LPIC-1 102-400, LPIC-2 201, and LPIC-2 202 /$fSteve Suehring 210 1$aIndianapolis, Indiana :$cJohn Wiley & Sons, Inc.,$d2017. 210 4$d©2017 215 $a1 online resource (395 pages) 300 $aIncludes index. 311 $a1-119-37269-0 330 $a"CompTIA Linux+ and LPIC Practice Tests provide 100% coverage of all exam objectives for both the CompTIA Linux+ exams LX0-103 and LX0-104, and the LPIC exams 101-400, 102-400, and 201and 202, through 1,200+ expertly crafted practice questions. These easy to navigate practice questions cover the Linux+ and LPIC-1 exams, covering all 10 domains. The second part covers the LPIC-2 exam, covering all 13 LPIC-2 domains. An additional two 60-question practice exams per section help you gauge your readiness -- and hone your test-taking strategy -- well in advance of exam day, giving you the thorough preparation you need to approach the exam with confidence."--Provided by publisher. 606 $aElectronic data processing personnel$xCertification$vStudy guides 606 $aOperating systems (Computers)$xExaminations$vStudy guides 615 0$aElectronic data processing personnel$xCertification 615 0$aOperating systems (Computers)$xExaminations 676 $a005.8 700 $aSuehring$b Steven$01680880 801 0$bMiAaPQ 801 1$bMiAaPQ 801 2$bMiAaPQ 906 $aBOOK 912 $a9910821826403321 996 $aComptia linux+ and lpic practice tests$94049896 997 $aUNINA